Alfred HITCHCOCK's home sweet homicide / (Record no. 41146)

MARC details
000 -LEADER
fixed length control field 00666nam a22001937a 4500
005 - DATE AND TIME OF LATEST TRANSACTION
control field 20100811155237.0
010 ## - LCCN (DPL NO)
LC control number ENG-99654
020 ## - INTERNATIONAL STANDARD BOOK NUMBER
International Standard Book Number 9789380032580
Terms of availability 250.00
035 ## - SYSTEM CONTROL NUMBER
System control number EN-83186
037 ## - SOURCE OF ACQUISITION
Source of stock number/acquisition DBAD/PUB
082 ## - DEWEY DECIMAL CLASSIFICATION NUMBER
Classification number N
245 ## - TITLE STATEMENT
Title Alfred HITCHCOCK's home sweet homicide /
Statement of responsibility, etc edited by Cathleen Jardan
260 ## - PUBLICATION, DISTRIBUTION, ETC. (IMPRINT)
Place of publication, distribution, etc New Delhi
Name of publisher, distributor, etc Westland
Date of publication, distribution, etc 2009
270 ## - ADDRESS
Address F-5, Okhla Industrial Area, Phase-1, Mezzanine Floor,
City New Delhi
Postal code 110020
300 ## - PHYSICAL DESCRIPTION
Extent vii, 264p.
Dimensions 20cm (pbk)
700 ## - ADDED ENTRY--PERSONAL NAME
Personal name Jordan, Cathleen
9 (RLIN) 11291
942 ## - ADDED ENTRY ELEMENTS (KOHA)
Source of classification or shelving scheme Dewey Decimal Classification
Item type English Books
Classification part N
Call number suffix ALF
Holdings
Withdrawn status Lost status Not for loan Collection code Home library Current library Date acquired Source of acquisition Cost, normal purchase price Full call number Barcode Copy number Cost, replacement price Koha item type
    Not For Loan Fiction D.B.Act.Division D.B.Act.Division 11/08/2010 DBAD/PUB 250.00 N ALF EN-83186 1 250.00 English Books

© Delhi Public Library
Hit Counter
free hit counter